Clinical neuroanatomy / (رقم التسجيلة. 31847)
[ عرض عادي ]
| 000 -الفاتح | |
|---|---|
| حقل البيانات ثابتة الطول | 02696cam a22004334a 4500 |
| 001 - رقم الضبط | |
| رقم الضبط | 7701589 |
| 003 - محدد رقم الضبط | |
| رقم الضبط | OSt |
| 005 - وقت وتاريخ اخر تعامل مع التسجيلة | |
| رقم الضبط | 20150408114149.0 |
| 008 - عناصر البيانات ثابتة الطول - معلومات عامة | |
| حقل البيانات ثابتة الطول | 090707s2010 nyua b 001 0 eng |
| 015 ## - رقم الببليوجرافية الوطنية | |
| رقم الببليوجرافية الوطنية | GBA968919 |
| المصدر | bnb |
| 016 7# - رقم ضبط الوكاله الوطنية للضبط الببليوجرافي | |
| رقم ضبط التسجيلة | 101513579 |
| المصدر | DNLM |
| 016 7# - رقم ضبط الوكاله الوطنية للضبط الببليوجرافي | |
| رقم ضبط التسجيلة | 015326223 |
| المصدر | Uk |
| 020 ## - الرقم الدولى المعيارى للكتب | |
| الرقم الدولى المعيارى للكتاب | 9780071603997 (pbk. : alk. paper) |
| 020 ## - الرقم الدولى المعيارى للكتب | |
| الرقم الدولى المعيارى للكتاب | 9780071638531 |
| 020 ## - الرقم الدولى المعيارى للكتب | |
| الرقم الدولى المعيارى للكتاب | 0071603999 (pbk. : alk. paper) |
| 035 ## - رقم ضبط النظام | |
| رقم ضبط النظام | (OCoLC)ocn435703701 |
| 035 ## - رقم ضبط النظام | |
| رقم ضبط النظام | (OCoLC)435703701 |
| رقم الضبط الملغى والمتاح | (OCoLC)426117569 |
| 035 ## - رقم ضبط النظام | |
| رقم ضبط النظام | (NNC)7701589 |
| 040 ## - مصدر الفهرسة | |
| وكالة الفهرسة الأصلية | NLM |
| وكالة النسخ | NLM |
| وكالة التعديل | UKM |
| -- | BWX |
| -- | SMV |
| -- | EMM |
| -- | AU@ |
| -- | YDXCP |
| -- | OrLoB-B |
| 042 ## - رمز التحقق | |
| رمز التحقق | pcc |
| 060 00 - رقم الطلب بالمكتبة الطبية الوطنية | |
| رقم التصنيف | 2009 I-407 |
| 060 10 - رقم الطلب بالمكتبة الطبية الوطنية | |
| رقم التصنيف | WL 101 |
| رقم المادة | W356c 2010 |
| 082 04 - رقم تصنيف ديوى العشرى | |
| رقم التصنيف | 611.8 |
| رقم الطبعة | 22 |
| رقم المادة | WSC |
| 090 ## - رقم الضبط المحلى | |
| رقم تصنيف (OCLC) (R) ;رقم تصنيف, CALL (RLIN) (NR) | QM451 |
| كتر محلي OCLC رقم كتاب / رقم طلب غير مقسم,رقم RLIN( غير مكرر) | .W39 2010 |
| 100 1# - المدخل الرئيسى - إسم شخصى | |
| الإسم الشخصى | Waxman, Stephen G. |
| 9 (RLIN) | 39335 |
| 245 10 - بيان العنوان | |
| العنوان | Clinical neuroanatomy / |
| بيان المسئوليه,etc | Stephen G. Waxman. |
| 250 ## - بيان الطبعة | |
| بيان الطبعة | 26th ed. |
| 260 ## - PUBLICATION, DISTRIBUTION, ETC. (IMPRINT) | |
| مكان الناشر او الموزع | New York : |
| اسم الناشر او الموزع | McGraw-Hill Medical, |
| تاريخ النشر أو التوزيع | c2010. |
| 300 ## - الوصف المادى | |
| التعداد | xi, 371 p. : |
| تفاصيل ماديه اخرى للوعاء | col. ill. ; |
| أبعاد الوعاء | 28 cm. |
| 490 1# - بيان السلسلة | |
| عنوان السلسلة | A Lange medical book |
| 504 ## - تبصرة ببليوجرافية | |
| تبصرة ببليوجرافية,الخ | Includes bibliographical references and index. |
| 505 00 - تبصرة محتويات-الفهرس | |
| معلومات متنوعة | Sect. I. |
| العنوان | Basic Principles -- |
| معلومات متنوعة | 1. |
| العنوان | Fundamentals of the Nervous System -- |
| معلومات متنوعة | 2. |
| العنوان | Development and Cellular Constituents of the Nervous System -- |
| معلومات متنوعة | 3. |
| العنوان | Signaling in the Nervous System -- |
| معلومات متنوعة | Sect. II. |
| العنوان | Introduction to Clinical Thinking -- |
| معلومات متنوعة | 4. |
| العنوان | The Relationship Between Neuroanatomy and Neurology -- |
| معلومات متنوعة | Sect. III. |
| العنوان | Spinal Cord and Spine -- |
| معلومات متنوعة | 5. |
| العنوان | The Spinal Cord -- |
| معلومات متنوعة | 6. |
| العنوان | The Vertebral Column and Other Structures Surrounding the Spinal Cord -- |
| معلومات متنوعة | Sect. IV. |
| العنوان | Anatomy of the Brain -- |
| معلومات متنوعة | 7. |
| العنوان | The Brain Stem and Cerebellum -- |
| معلومات متنوعة | 8. |
| العنوان | Cranial Nerves and Pathways -- |
| معلومات متنوعة | 9. |
| العنوان | Diencephalon -- |
| معلومات متنوعة | 10. |
| العنوان | Cerebral Hemispheres/Telencephalon -- |
| معلومات متنوعة | 11. |
| العنوان | Ventricles and Coverings of the Brain -- |
| معلومات متنوعة | 12. |
| العنوان | Vascular Supply of the Brain -- |
| معلومات متنوعة | Sect. V. |
| العنوان | Functional Systems -- |
| معلومات متنوعة | 13. |
| العنوان | Control of Movement -- |
| معلومات متنوعة | 14. |
| العنوان | Somatosensory Systems -- |
| معلومات متنوعة | 15. |
| العنوان | The Visual System -- |
| معلومات متنوعة | 16. |
| العنوان | The Auditory System -- |
| معلومات متنوعة | 17. |
| العنوان | The Vestibular System -- |
| معلومات متنوعة | 18. |
| العنوان | The Reticular Formation -- |
| معلومات متنوعة | 19. |
| العنوان | The Limbic System -- |
| معلومات متنوعة | 20. |
| العنوان | The Autonomic Nervous System -- |
| معلومات متنوعة | 21. |
| العنوان | Higher Cortical Functions -- |
| معلومات متنوعة | Sect. VI. |
| العنوان | Diagnostic Aids -- |
| معلومات متنوعة | 22. |
| العنوان | Imaging of the Brain -- |
| معلومات متنوعة | 23. |
| العنوان | Electrodiagnostic Tests -- |
| معلومات متنوعة | 24. |
| العنوان | Cerebrospinal Fluid Examination -- |
| معلومات متنوعة | Sect. VII. |
| العنوان | Discussion of Cases -- |
| معلومات متنوعة | 25. |
| العنوان | Discussion of Cases -- |
| معلومات متنوعة | App. A. |
| العنوان | The Neurologic Examination -- |
| معلومات متنوعة | App. B. |
| العنوان | Testing Muscle Function -- |
| معلومات متنوعة | App. C. |
| العنوان | Spinal Nerves and Plexuses -- |
| معلومات متنوعة | App. D. |
| العنوان | Questions and Answers. |
| 650 #0 - المدخل الاضافى بالموضوع-مصطلح موضوعى | |
| مصطلح موضوعي أو اسم جغرافي كعنصر مدخل | Neuroanatomy. |
| 650 12 - المدخل الاضافى بالموضوع-مصطلح موضوعى | |
| مصطلح موضوعي أو اسم جغرافي كعنصر مدخل | Nervous System |
| التقسيم الفرعي العام | anatomy & histology. |
| 650 22 - المدخل الاضافى بالموضوع-مصطلح موضوعى | |
| مصطلح موضوعي أو اسم جغرافي كعنصر مدخل | Nervous System Diseases |
| التقسيم الفرعي العام | diagnosis. |
| 9 (RLIN) | 13809 |
| 830 #0 - المدخل الاضافى بالسلسلة -عنوان موحد | |
| عنوان موحد | Lange medical book. |
| 9 (RLIN) | 38780 |
| 900 ## - احالة مرجعية-اسم شخصى [LOCAL, CANADA] | |
| الترقيم | TOC |
| 942 ## - عناصر المدخل الإضافي( كوها) | |
| مصدر التصنيف او مخطط الترفيف | Dewey Decimal Classification |
| Koha [default] item type | DVD |
| حالة الفقد | نموذج السعر الفعال | حالة تلف | ليس للاعارة | رقم الطلب | تاريخ الاكتساب | الموقع الحالي | الباركود | الفرع الرئيسي | Date last checked out | Date last seen | نوع المادة فى نظام كوها | مصدر التصنيف او خطة الترفيف | Total Checkouts | Total Renewals |
|---|---|---|---|---|---|---|---|---|---|---|---|---|---|---|
| 2013-11-03 | 611.8 WSC | 2013-11-03 | المكتبة المركزية بالمجمعة (CL) | 00404598 | المكتبة المركزية بالمجمعة (CL) | 2014-03-31 | 2014-05-14 | كتاب | Dewey Decimal Classification | 1 | ||||
| 2013-11-03 | 611.8 WSC | 2013-11-03 | المكتبة المركزية بالمجمعة (CL) | 00404599 | المكتبة المركزية بالمجمعة (CL) | 2014-04-02 | 2014-05-25 | كتاب | Dewey Decimal Classification | 1 | 1 | |||
| 2013-11-03 | 611.8 WSC | 2013-11-03 | المكتبة المركزية بالمجمعة (CL) | 00404600 | المكتبة المركزية بالمجمعة (CL) | 2014-04-08 | 2014-06-03 | كتاب | Dewey Decimal Classification | 1 | 1 | |||
| 2013-11-03 | 611.8 WSC | 2013-11-03 | مكتبة مجمع الكليات بالزلفى - طلاب (SZM) | 00404601 | مكتبة مجمع الكليات بالزلفى - طلاب (SZM) | 2013-11-03 | كتاب | Dewey Decimal Classification | ||||||
| 2013-11-03 | 611.8 WSC | 2013-11-03 | مكتبة مجمع الكليات بالزلفى - طلاب (SZM) | 00404602 | مكتبة مجمع الكليات بالزلفى - طلاب (SZM) | 2013-11-03 | كتاب | Dewey Decimal Classification |
